000 00851nam0a22002651 4500
001 RU\NLR\INFOCOMM_190\5000067676
005 20250613095153.0
035 _a(NLR Aleph) 009287710
090 _a9200604
_c9200604
100 _a20100925d1955 |||y0rusy50 ca
101 1 _aspa
102 _aRU
105 _ay ||||000|y
200 1 _aDiscurso ante la tumba de Marx
210 _a[Μ.
_d1955]
215 _aС. 18-20
300 _aВ кн.: Engels, F. Carlos Marx. M., [1955], с. 18-20
300 _aПеревод загл.: Похороны К. Маркса (17 марта 1883 г.)
541 1 _aПохороны К. Маркса (17 марта 1883 г.)
_zrus
700 1 _9z01790
_aEngels
_bF.
_f1820-1895
_gFriedrich
_4070
801 1 _aRU
_bNLR
_c20100925
801 0 _aRU
_bNLR
_gPSBO
852 _aNLR
_jМЭ 112-77/2-1
942 _cBOOK
980 _aNB